Osmanlı'da çağdaşlaşma - taassup çatışması (Record no. 5897)

MARC details
000 -BAŞLIK
Sabit Uzunlukta Kontrol Alanı 00774na a2200265 4500
001 - KONTROL NUMARASI
Denetim Alanı 13490
003 - KONTROL NUMARASI IDENTIFIER
Denetim Alanı MIRAKIL
005 - SON İŞLEM TARİHİ VE ZAMANI
Denetim Alanı 20181213155050.0
008 - SABİT-BOY VERİ ELEMANLARI - GENEL BİLGİLER
Sabit Uzunlukta Kontrol Alanı 161005b tu 000 0
020 ## - ULUSLARARASI STANDART KİTAP NUMARASI
Uluslararası Standart Kitap Numarası 9757639370
035 ## - SİSTEM KONTROL NUMARASI
Sistem Kontrol Numarası 13490
040 ## - KATALOGLAMA KAYNAK
Orijinal Kataloglama Ajansı Milas
Kataloglama Dili tur
Metne Dönüştürmek Ajansı TR-AnCHP
082 ## - DEWEY ONLU SINIFLANDIRMA NUMARASI
Sınıflandırma Numarası 956.101543
Ürün Numarası Ç84o
090 ## - SINIFLAMA NUMARASI
Sınıflama Numarası 956.101543 Ç84o 1990
100 ## - ANA GİRİŞ - KİŞİSEL İSİM
Kişisel Ad Çulcu, Murat
245 ## - BAŞLIK TABLOSU
Başlık Osmanlı'da çağdaşlaşma - taassup çatışması
Başlığın Kalan ikinci cilt
Sorumluluk Tablosu, Vb Murat Çulcu
260 ## - YAYIN, DAĞITIM, VB
Yayın, Dağıtım, Vb Yeri İstanbul
Yayıncı, Dağıtıcı, Vs Adı Kastaş A.Ş
Yayın, Dağıtım, Vb Tarihi 1990
300 ## - FİZİKSEL TANIM
Kapsam 400 s.
Boyutlar 22 sm.
504 ## - KAYNAKÇA VB NOT
Kaynakça Vb Notu Kaynakça (371-387)
650 ## - KONU KATMA GİRİŞ - TOPİKAL DÖNEM
Topikal Süreli Veya Coğrafi Ad Giriş Elemanı Türkiye
Genel Alt Bölümü Tarih
Kronolojik Alt Bölümü Meşrutiyet dönemi
650 ## - KONU KATMA GİRİŞ - TOPİKAL DÖNEM
Genel Alt Bölümü Çağdaşlaşma
650 ## - KONU KATMA GİRİŞ - TOPİKAL DÖNEM
Topikal Süreli Veya Coğrafi Ad Giriş Elemanı Toplumsal değişim
Genel Alt Bölümü Osmanlı Devleti
651 ## - KONU KATMA GİRİŞ - COĞRAFİ ADI
Coğrafi İsim Türkiye
Genel Alt Bölümü Siyasal tarih
942 ## - EKLENDİ GİRİŞ ELEMANLARI (KOHA)
Sınıflandırma Veya Raf Düzeni Kaynak
Koha Öğesi Türü Books
999 ## - SİSTEM KONTROL NUMARALARI (KOHA)
Koha Biblionumber 5897
Koha Biblioitemnumber 5897
Holdings
Kalıcı Konum Mevcut Konum Edinme Tarihi Edinim Kaynak Toplam Check-Out'Lar Tam Çağrı Numarası Barkod Tarih Son Görülme İtibaren Geçerli Fiyatlar Koha Öğesi Türü
CHP Kütüphanesi CHP Kütüphanesi 08/14/2016 Bağış   956.101543 Ç84o 1990 000799 08/14/2016 08/14/2016 Books